[Event "SVK-ch U14"]
[Site "Liptovsky Mikulas"]
[Date "2019.04.30"]
[Round "9"]
[White "Furman, Maximilian Jan"]
[Black "Gal, Milan"]
[Result "1/2-1/2"]
[WhiteElo "1602"]
[BlackElo "1388"]
[PlyCount "38"]
[EventDate "2019.04.23"]
[EventType "swiss"]
[EventRounds "9"]
[EventCountry "SVK"]
[SourceTitle "CBM 190 Extra"]
[Source "ChessBase"]
[SourceDate "2019.07.15"]
[SourceVersion "1"]
[SourceVersionDate "2019.07.15"]
[SourceQuality "1"]

1. d4 e6 2. Nf3 Nf6 3. e3 d5 4. Bd3 c5 5. c3 Nc6 6. Nbd2 Bd7 7. 0-0 c4 8. Bc2 Bd6 9. e4 Bf4 10. e5 Ng8 11. Nxc4 Bxh2+ 12. Nxh2 dxc4 13. Qg4 Kf8 14. Nf3 f6 15. Qh5 Qe8 16. Qh2 h6 17. Nh4 f5 18. Qg3 Nge7 19. Qf3 g5 1/2-1/2

[Event "SVK-ch U14"]
[Site "Liptovsky Mikulas"]
[Date "2019.04.29"]
[Round "8"]
[White "Gal, Milan"]
[Black "Benicky, Jakub Simon"]
[Result "1-0"]
[WhiteElo "1388"]
[BlackElo "1239"]
[PlyCount "49"]
[EventDate "2019.04.23"]
[EventType "swiss"]
[EventRounds "9"]
[EventCountry "SVK"]
[SourceTitle "CBM 190 Extra"]
[Source "ChessBase"]
[SourceDate "2019.07.15"]
[SourceVersion "1"]
[SourceVersionDate "2019.07.15"]
[SourceQuality "1"]

1. e4 e6 2. d4 d5 3. Nd2 Nf6 4. e5 Nfd7 5. f4 c5 6. c3 Nc6 7. Ndf3 Be7 8. Bd3 b6 9. Ne2 a5 10. 0-0 Ba6 11. g4 Bxd3 12. Qxd3 f6 13. Ng3 g6 14. exf6 Bxf6 15. g5 Bg7 16. h4 Qc7 17. a3 0-0 18. h5 Ne7 19. Nh4 cxd4 20. cxd4 Qc4 21. Rd1 Rac8 22. hxg6 hxg6 23. Nxg6 Nxg6 24. Qxg6 Qxd4+ 25. Rxd4 1-0

[Event "SVK-ch U14"]
[Site "Liptovsky Mikulas"]
[Date "2019.04.27"]
[Round "6"]
[White "Gal, Milan"]
[Black "Grec, Jan Alexander"]
[Result "0-1"]
[WhiteElo "1388"]
[BlackElo "1714"]
[PlyCount "74"]
[EventDate "2019.04.23"]
[EventType "swiss"]
[EventRounds "9"]
[EventCountry "SVK"]
[SourceTitle "CBM 190 Extra"]
[Source "ChessBase"]
[SourceDate "2019.07.15"]
[SourceVersion "1"]
[SourceVersionDate "2019.07.15"]
[SourceQuality "1"]

1. e4 c5 2. d4 cxd4 3. c3 Nf6 4. e5 Nd5 5. cxd4 d6 6. Bc4 Nb6 7. Nf3 d5 8. Bb3 Nc6 9. h3 Bf5 10. Nc3 e6 11. a3 Be7 12. Bf4 a6 13. Qe2 Rc8 14. 0-0 0-0 15. Rac1 Na5 16. Nd2 Nbc4 17. Nxc4 Nxb3 18. Ne3 Nxc1 19. Rxc1 Bg6 20. g4 Bg5 21. Bg3 Bxe3 22. Qxe3 h6 23. f4 h5 24. Rf1 f5 25. Qe2 hxg4 26. hxg4 Qb6 27. Rd1 fxg4 28. Qxg4 Bf5 29. Qe2 Rf7 30. Rd2 g6 31. Na4 Rc1+ 32. Kf2 Qd8 33. Nc5 g5 34. Nb3 Rh1 35. Qe3 gxf4 36. Bxf4 Rh3 37. Bg5 Qb6 0-1

[Event "SVK-ch U14"]
[Site "Liptovsky Mikulas"]
[Date "2019.04.25"]
[Round "4"]
[White "Zumrik, Lukas"]
[Black "Gal, Milan"]
[Result "1-0"]
[WhiteElo "1730"]
[BlackElo "1388"]
[PlyCount "143"]
[EventDate "2019.04.23"]
[EventType "swiss"]
[EventRounds "9"]
[EventCountry "SVK"]
[SourceTitle "CBM 190 Extra"]
[Source "ChessBase"]
[SourceDate "2019.07.15"]
[SourceVersion "1"]
[SourceVersionDate "2019.07.15"]
[SourceQuality "1"]

1. d4 d5 2. c4 c6 3. cxd5 cxd5 4. Nc3 Nf6 5. Nf3 Nc6 6. Bf4 Qb6 7. Na4 Qa5+ 8. Bd2 Qd8 9. Nc5 e6 10. e3 Nd7 11. Nxd7 Bxd7 12. a3 Bd6 13. Bd3 a6 14. 0-0 Rc8 15. Qe2 h6 16. Rac1 0-0 17. e4 Qb6 18. Bc3 Rfe8 19. e5 Be7 20. Bb1 f5 21. Qd3 h5 22. h3 g6 23. Qe3 Kg7 24. Rfd1 Qd8 25. g3 Rh8 26. Kg2 Na5 27. Nd2 b5 28. Bxa5 Qxa5 29. b4 Qd8 30. Nb3 Qb6 31. Nc5 Bxc5 32. dxc5 Qd8 33. Rd4 Bc6 34. Bd3 Qe7 35. Qe2 Rh6 36. Ra1 Qd7 37. a4 Rhh8 38. axb5 axb5 39. Ra5 Rb8 40. Qf1 Rb7 41. Qa1 Rhb8 42. Ra6 Rc7 43. Qa5 Rbb7 44. Qa2 Ra7 45. Ra5 Rab7 46. Qd2 Qe7 47. Be2 Rb8 48. Bf3 Rbb7 49. Rd3 Ra7 50. Rda3 Rxa5 51. Rxa5 Ra7 52. Qa2 Rxa5 53. Qxa5 Qd7 54. Qb6 Kf7 55. Qb8 Kg7 56. Qd6 Kf7 57. Kf1 Qxd6 58. cxd6 Kg7 59. Bg2 Kh6 60. f4 Kg7 61. Ke2 Kf7 62. Kd3 Ke8 63. Kd4 Kd8 64. Kc5 Bd7 65. Bf1 Kc8 66. Bxb5 Bxb5 67. Kxb5 Kb7 68. Kc5 Kc8 69. b5 Kb7 70. b6 Kc8 71. Kc6 d4 72. b7+ 1-0

[Event "SVK-ch U12"]
[Site "Liptovsky Mikulas"]
[Date "2018.04.24"]
[Round "5"]
[White "Stevik, Patrik1111"]
[Black "Gal, Milan"]
[Result "1-0"]
[WhiteElo "1713"]
[BlackElo "1454"]
[PlyCount "63"]
[EventDate "2018.04.21"]
[EventType "swiss"]
[EventRounds "9"]
[EventCountry "SVK"]
[SourceTitle "CBM 184 Extra"]
[Source "ChessBase"]
[SourceDate "2018.06.28"]
[SourceVersion "1"]
[SourceVersionDate "2018.06.28"]
[SourceQuality "1"]

1. e4 e5 2. Nf3 Nc6 3. Bb5 a6 4. Ba4 b5 5. Bb3 d6 6. c3 Nf6 7. Ng5 d5 8. exd5 Na5 9. Qe2 Bd6 10. d4 Nxb3 11. axb3 Qe7 12. dxe5 Qxe5 13. Qxe5+ Bxe5 14. 0-0 0-0 15. c4 bxc4 16. bxc4 Rb8 17. Ra2 Rb4 18. Nf3 Bd6 19. Nbd2 Bg4 20. Rxa6 Bxf3 21. gxf3 Bf4 22. Ne4 Nxe4 23. Bxf4 Nc5 24. Rc6 Rxc4 25. Bxc7 Ra8 26. Bb6 h6 27. Bxc5 Ra5 28. Bb6 Rxc6 29. dxc6 Rg5+ 30. Kh1 Rg6 31. c7 Rc6 32. Rd1 1-0

[Event "SVK-ch U12"]
[Site "Liptovsky Mikulas"]
[Date "2018.04.23"]
[Round "4"]
[White "Kostolansky, Sebastian Lukas"]
[Black "Gal, Milan"]
[Result "1-0"]
[WhiteElo "2213"]
[BlackElo "1454"]
[PlyCount "45"]
[EventDate "2018.04.21"]
[EventType "swiss"]
[EventRounds "9"]
[EventCountry "SVK"]
[SourceTitle "CBM 184 Extra"]
[Source "ChessBase"]
[SourceDate "2018.06.28"]
[SourceVersion "1"]
[SourceVersionDate "2018.06.28"]
[SourceQuality "1"]

1. e4 c6 2. Nc3 d5 3. Nf3 Bg4 4. h3 Bxf3 5. Qxf3 d4 6. Ne2 e5 7. g4 Qf6 8. Qg3 Nd7 9. Bg2 g5 10. d3 h6 11. Bd2 Qe6 12. h4 Ngf6 13. hxg5 Nxg4 14. Bf3 Nxf2 15. Kxf2 Bg7 16. Bg4 Qe7 17. gxh6 Bf6 18. h7 Bg5 19. Bxg5 f6 20. Bd2 Rxh7 21. Bf5 Rf7 22. Rh8+ Rf8 23. Rh7 1-0

[Event "SVK-ch U12"]
[Site "Liptovsky Mikulas"]
[Date "2018.04.22"]
[Round "2"]
[White "Rerko, Samuel"]
[Black "Gal, Milan"]
[Result "0-1"]
[WhiteElo "1000"]
[BlackElo "1454"]
[PlyCount "78"]
[EventDate "2018.04.21"]
[EventType "swiss"]
[EventRounds "9"]
[EventCountry "SVK"]
[SourceTitle "CBM 184 Extra"]
[Source "ChessBase"]
[SourceDate "2018.06.28"]
[SourceVersion "1"]
[SourceVersionDate "2018.06.28"]
[SourceQuality "1"]

1. d4 d5 2. Nc3 Nc6 3. Nf3 Bf5 4. Bf4 e6 5. e3 a6 6. Be2 Nf6 7. 0-0 Bd6 8. Qd2 Bxf4 9. exf4 0-0 10. Rae1 Be4 11. Bd3 Bxf3 12. gxf3 Nb4 13. a3 Nxd3 14. cxd3 Nh5 15. Re5 Qf6 16. Na4 Qxf4 17. Qxf4 Nxf4 18. Nc5 b6 19. Nd7 Rfd8 20. Nxb6 cxb6 21. Ree1 Nxd3 22. Rd1 Nxb2 23. Rb1 Nc4 24. Ra1 Nd2 25. Rfc1 Nxf3+ 26. Kg2 Nxd4 27. Rab1 b5 28. Rd1 Nf5 29. Rdc1 Rdc8 30. Rxc8+ Rxc8 31. Rb3 d4 32. Kf1 Rc3 33. Rb4 Rxa3 34. Rb2 d3 35. Ke1 g5 36. Kd1 Nd6 37. h3 Nc4 38. Rb1 b4 39. Rxb4 Ra1+ 0-1